[Event "Mechanics' Bedjanian TNM; G/2 d/5"]
[Site "San Francisco"]
[Date "2018.12.04"]
[Round "7.2"]
[White "Ivanov, Aleksandr"]
[Black "Kuczek, Kevin W"]
[Result "1-0"]
[WhiteElo "2167"]
[BlackElo "1980"]
[Annotator "Winslow,Elliott"]
[PlyCount "87"]
[EventDate "2018.??.??"]
[Source "ChessBase"]
[SourceDate "2007.09.04"]

1. d4 Nf6 2. Bf4 e6 3. e3 c5 4. c3 cxd4 5. exd4 d5 6. Nf3 Bd6 7. Bxd6 Qxd6 8.
Bd3 O-O 9. O-O b6 10. Re1 Ba6 11. Bc2 Nbd7 12. Ne5 h6 13. Nd2 Rac8 14. Rc1 Rfd8
15. Bb1 Nf8 16. Qf3 Rc7 17. Rcd1 N8h7 18. h4 Qe7 19. g4 Ne8 20. Qg3 Nd6 21. f4
Nc4 22. Ndxc4 Bxc4 23. f5 Qd6 24. Re3 exf5 25. Bxf5 Bxa2 26. Qf2 g6 27. Bc2 Bc4
28. Rde1 Rf8 29. Rf3 Ba6 30. Kh1 Bc8 31. Rg1 Be6 32. Qe3 Kg7 33. Rgf1 Qd8 {[#]}
34. g5 hxg5 35. Nxg6 fxg6 36. Qe5+ Nf6 $2 (36... Kh6) 37. Rxf6 $2 (37. hxg5 $18
{overwhelming} Bf5 (37... Rcf7 38. Qxe6) 38. Bxf5 gxf5 39. Rh3 (39. gxf6+))
37... Rxf6 38. hxg5 Rcf7 $11 39. gxf6+ $6 Rxf6 40. Rf2 $6 $15 Qh8+ (40... Bf7
$15 41. Rg2 Qd6) 41. Rh2 Qf8 $4 {[#]} (41... Qe8) (41... Bh3) (41... Qc8) 42.
Bxg6 $1 {Grabs his chance!} Kg8 $6 (42... Bg4 43. Bd3 Bf3+ 44. Kg1 Kg8 (44...
Be4 45. Bxe4 dxe4 46. Rg2+ Kf7 47. Qxe4)) 43. Rh8+ Kg7 44. Rxf8 1-0

[Event "Mechanics' Spring TNM; G/2 d5"]
[Site "San Francisco"]
[Date "2018.05.08"]
[Round "8.4"]
[White "Ivanov, Aleksandr"]
[Black "Lewis, Edward"]
[Result "1-0"]
[WhiteElo "2166"]
[BlackElo "1983"]
[Annotator "Donaldson"]
[PlyCount "115"]
[EventDate "2018.??.??"]
[Source "ChessBase"]
[SourceDate "2007.09.04"]

1. d4 Nf6 2. c4 e6 3. Nc3 d5 4. cxd5 exd5 5. Bg5 Be7 6. e3 O-O 7. Bd3 Re8 8.
Nge2 Nbd7 9. O-O c6 10. Qc2 Nf8 11. f3 h6 12. Bh4 Ne6 13. Rad1 Kh8 14. Bf5 Qb6
15. Kh1 Nf8 16. Bd3 Ng4 $6 {Ingenious but not quite correct.} (16... Be6 {
was more solid.}) 17. Na4 $2 (17. Bxe7 Nxe3 18. Bc5 $1 Qd8 19. Qd2 Qg5 20. Rg1
Nxd1 21. Qxd1 {
and White's two pieces are superior to Black's rook and pawn in the middlegame.
}) 17... Bxh4 $2 (17... Nxe3 18. Nxb6 Nxc2 19. Bxe7 (19. Nxa8 Bxh4 20. Nc7 Re7
21. Nxd5 cxd5 22. Rc1 Rxe2 23. Bxe2 Bf5 $11) 19... axb6 20. Bxf8 Ne3 21. Ba3
Nxf1 22. Rxf1 Bf5 23. Bxf5 Rxe2 {
and in an endgame Black's rook and pawn are enough against White's two bishops.
}) 18. Nxb6 Nxe3 19. Qa4 $1 Bh3 20. Nxa8 Bxg2+ 21. Kg1 Rxa8 22. Rf2 Bh3 23. Rc1
Ne6 24. Qb4 Ng5 25. Qxb7 $2 {Diagram [#]} (25. Nf4 $18) 25... Bc8 $3 {
Ed Lewis showed great tactical resourcefulness throughout this tournament and
here he does it again.} 26. Qxc8+ (26. Qxa8 Nh3+ 27. Kh1 Nxf2+ 28. Kg1 Nh3+ {
draws.}) 26... Rxc8 27. Nf4 Bxf2+ $2 {Spoiling Black's previous great play.
There was no hurry to take on f2 as the rook wasn't running away. Instead} (
27... g6 28. b4 (28. Re2 $2 Nxf3+ 29. Kh1 Bg5 $17) 28... Kg7 29. b5 Bxf2+ 30.
Kxf2 Nc4 {holds the balance.}) 28. Kxf2 {
Now White recovers the pawn with more active pieces.} Nc4 29. Bxc4 dxc4 30.
Rxc4 Rb8 31. b3 Rb6 {
Black's lack of activity make this a hard position to hold.} 32. Nd3 Ne6 (32...
Ra6) 33. Ne5 {Winning material.} Ra6 34. a4 c5 35. dxc5 f6 36. Nd7 Rc6 37. b4
Kg8 38. b5 Rc7 39. c6 Rc8 40. a5 Nd8 41. Kg3 Kf7 42. b6 axb6 43. axb6 Ke7 (
43... Rxc6 44. b7) (43... Nxc6 44. b7) 44. b7 Nxb7 45. cxb7 Rxc4 46. b8=Q Kxd7
47. Qg8 Rc5 48. Qxg7+ Ke6 49. Qxh6 Rg5+ 50. Kf2 Kf7 51. h4 Rd5 52. Qh7+ Kf8 53.
Qg6 Ke7 54. f4 Rd2+ 55. Kf3 Rd6 56. Qg7+ Ke6 57. h5 Rd3+ 58. Ke4 1-0

[Event "Mechanics' Shipman TNM; G/2 d/5"]
[Site "San Francisco"]
[Date "2018.09.04"]
[Round "5.5"]
[White "Ivanov, Aleksandr"]
[Black "Maser, Thomas F"]
[Result "1-0"]
[WhiteElo "2197"]
[BlackElo "1912"]
[Annotator "Winslow,Elliott"]
[PlyCount "95"]
[EventDate "2018.??.??"]
[Source "ChessBase"]
[SourceDate "2007.09.04"]

1. e4 e5 2. Nf3 Nc6 3. Bc4 Nf6 4. Ng5 d5 5. exd5 Na5 6. Bb5+ c6 7. dxc6 bxc6 8.
Qf3 $5 Be7 {"!" Bologan} (8... Rb8) 9. Bxc6+ {And Bologan says: "I know
players who were studying the Two Knights Defense, but gave it up when they
realized that they have to play two pawns down."} Nxc6 10. Qxc6+ Bd7 11. Qa6 {
[#] Only played once before! Why? Maser tried to take immediate advantage...}
Nd5 $6 ({Just take it easy!} 11... O-O 12. Nc3 Rc8 13. O-O Bc6 14. Qe2 Nd5 15.
Nf3 Nf4 16. Qe3 Re8 17. Ne4 f5 18. g3 fxe4 19. Nxe5 Nd5 20. Qb3 Ba8 21. c4 Nf6
22. d4 Qxd4 23. Bf4 Qc5 24. Rfd1 Bf8 25. Qc3 Bd6 26. Nd7 Nxd7 27. Rxd6 Ne5 28.
Rad1 Nd3 29. Rd4 Nxf4 30. gxf4 e3 31. fxe3 Qc6 32. e4 Rxe4 33. Rd7 Qc5+ 34.
R1d4 Rce8 35. Kf1 R4e7 36. b4 Qc6 37. R4d5 Qg6 38. Rg5 Qb1+ {
0-1 (38) Rosa, D-Pirola,C (2088) Itajai 2014}) 12. Qc4 Bxg5 13. Qxd5 O-O 14.
Nc3 (14. O-O $1 {/\ d3 quickly}) 14... Qc7 15. O-O Bc6 16. Qc4 {(Back again!)}
Qb7 (16... Rac8) 17. f3 Rac8 18. Qg4 (18. Qb3 {was a better tempo}) 18... Bh6 (
18... h6 {with ...f5 coming.}) 19. b3 (19. Rb1 $5) 19... Rfd8 20. Rf2 (20. Qg3)
20... Rd4 (20... Qb6 21. Nd1 Bf4) 21. Qh5 Qb6 22. Ne4 (22. d3 $1 $16) 22...
Bxe4 23. fxe4 f6 $14 24. Kf1 Qe6 $6 25. c4 (25. d3 Bxc1 26. Rxc1 Rxd3 27. Rd1
$16) 25... Rcd8 26. Qf5 (26. d3 Bxc1 27. Rxc1 Rxd3 28. c5) 26... Qd6 27. Qf3
Bxd2 28. Bxd2 Rxd2 29. Re1 (29. Rxd2 Qxd2 30. Qe2 Qf4+ 31. Kg1 Rd2 32. Qf3 Qxf3
33. gxf3 a5 34. a3 Rb2 35. Rc1 Rxb3 36. c5 Rb7 $11 {or so}) 29... Qa3 30. Rxd2
Rxd2 31. Re2 Qxa2 32. Rxd2 Qxd2 33. Qe2 Qf4+ 34. Kg1 Kf7 35. g3 Qc1+ 36. Kg2
Qc3 37. Qf3 Qxf3+ 38. Kxf3 a5 39. h4 Ke6 40. g4 Kd6 41. Ke3 Kc5 42. Kd3 Kb4 43.
h5 g6 44. h6 a4 45. bxa4 Kxa4 46. Kc3 {[#] Corresponding squares!} Ka5 $4 (
46... g5 $3 47. Kd2 Kb4 48. Kd3 Ka5 49. Kc3 Ka4 $11) 47. Kb3 Kb6 48. Kb4 1-0

[Event "Mechanics' Shipman TNM; G/2 d/5"]
[Site "San Francisco"]
[Date "2018.09.25"]
[Round "8.8"]
[White "Ivanov, Aleksandr"]
[Black "McKellar, Daniel"]
[Result "1-0"]
[WhiteElo "2197"]
[BlackElo "1879"]
[PlyCount "25"]
[EventDate "2018.??.??"]
[Source "ChessBase"]
[SourceDate "2007.09.04"]

1. e4 c5 2. Nf3 g6 3. c3 d5 4. e5 Bg4 5. d4 cxd4 6. cxd4 Nh6 7. Nbd2 Qa5 8. b4
Qxb4 9. Rb1 Bxf3 {[#]} 10. Qxf3 (10. Qc2) 10... Qxd4 11. Bb2 Qc5 12. e6 d4 13.
Qxb7 1-0

[Event "Mechanics' Winter TNM; G/2 d5"]
[Site "San Francisco"]
[Date "2018.01.23"]
[Round "3.11"]
[White "Ivanov, Aleksandr"]
[Black "Poling, Scott E"]
[Result "1-0"]
[WhiteElo "2166"]
[BlackElo "1841"]
[Annotator "Donaldson"]
[PlyCount "25"]
[EventDate "2018.??.??"]
[Source "ChessBase"]
[SourceDate "2007.09.04"]

1. d4 Nf6 2. c4 e6 3. Nf3 c5 4. d5 b5 5. Bg5 h6 6. Bxf6 Qxf6 7. Nc3 b4 8. Nb5
Na6 9. e4 d6 $2 (9... Qxb2 10. Bd3 {gives White huge compensation for the pawn.
}) (9... e5 {looks relatively best.}) 10. dxe6 Qxe6 $2 (10... fxe6 11. Be2 $16)
11. Qa4 $1 Qd7 {Diagram [#]} 12. Ne5 $1 (12. O-O-O {is also strong.}) 12...
dxe5 13. Rd1 1-0

[Event "Mechanics' Bedjanian TNM; G/2 d/5"]
[Site "San Francisco"]
[Date "2018.11.13"]
[Round "4.5"]
[White "Ivanov, Aleksandr"]
[Black "Yanofsky, Kevin"]
[Result "1-0"]
[WhiteElo "2167"]
[BlackElo "1906"]
[PlyCount "45"]
[EventDate "2018.??.??"]
[Source "ChessBase"]
[SourceDate "2007.09.04"]

1. d4 Nf6 2. c4 e6 3. Nc3 Bb4 4. e3 O-O 5. Nge2 c6 6. a3 Ba5 7. b4 Bc7 8. Ng3
d5 9. f4 a5 10. Rb1 axb4 11. axb4 Nbd7 12. Bd3 Ne8 13. e4 f6 14. O-O Nd6 15.
cxd5 cxd5 16. exd5 Bb6 17. Be3 e5 18. Nf5 exf4 19. Nxd6 fxe3 20. Bf5 Qc7 21.
Ncb5 Qd8 22. Qh5 g6 23. Bxg6 1-0

[Event "Mechanics' Bedjanian TNM; G/2 d/5"]
[Site "San Francisco"]
[Date "2018.11.13"]
[Round "4.4"]
[White "Jain, Shaurya"]
[Black "Diaz, Conrado"]
[Result "0-1"]
[WhiteElo "2033"]
[BlackElo "2328"]
[PlyCount "65"]
[EventDate "2018.??.??"]
[Source "ChessBase"]
[SourceDate "2007.09.04"]

1. d4 d5 2. c4 c6 3. cxd5 cxd5 4. Bg5 Qb6 5. Nc3 e6 6. Qd2 Nc6 7. e3 Bd7 8. a3
Na5 9. Rb1 Rc8 10. Nf3 f6 11. Bf4 Ne7 12. Bd3 Nc4 13. Bxc4 Rxc4 14. O-O Nf5 15.
Rfd1 Bd6 16. e4 dxe4 17. Nxe4 Bxf4 18. Qxf4 O-O 19. Nc5 Bc8 20. b3 Rc2 21. Qe4
Nxd4 22. b4 Nxf3+ 23. gxf3 Ra2 24. Rb3 Qc6 25. Qd3 b6 26. Ne4 Qc2 27. Rc3 Qxd3
28. Rdxd3 e5 29. Rc7 Bh3 30. Rc1 h6 31. Rdc3 f5 32. Nd6 Rf6 33. f4 {and} 0-1

[Event "Mechanics' Bedjanian TNM; G/2 d/5"]
[Site "San Francisco"]
[Date "2018.10.30"]
[Round "2.11"]
[White "Jain, Shaurya"]
[Black "Lin, Aung Tun"]
[Result "1-0"]
[WhiteElo "2033"]
[BlackElo "1640"]
[PlyCount "89"]
[EventDate "2018.??.??"]
[Source "ChessBase"]
[SourceDate "2007.09.04"]

1. d4 Nf6 2. c4 e6 3. Nc3 Bb4 4. Qc2 b6 5. Bg5 Bb7 6. f3 Nc6 7. e3 h6 8. Bh4 g5
9. Bf2 g4 10. a3 Bxc3+ 11. Qxc3 Rg8 12. Bh4 Qe7 13. g3 d6 14. d5 Ne5 15. f4
Ned7 16. Bg2 e5 17. Ne2 O-O-O 18. fxe5 dxe5 19. O-O Qd6 20. Qb4 Rg6 21. Nc3 Re8
22. Qxd6 cxd6 23. Nb5 Rf8 24. Nxd6+ Kb8 25. Rf5 Ba6 26. b3 Nxd5 27. Bxd5 Rxd6
28. Be7 Rxd5 29. cxd5 Bd3 30. Bd6+ Kc8 31. Rc1+ Kd8 32. Rf2 f5 33. Bxf8 Nxf8
34. Rc3 Be4 35. Rc6 Nh7 36. Rxh6 Ng5 37. Kf1 Kd7 38. Rh5 Nf3 39. h4 Bd3+ 40.
Kg2 Be4 41. Rxf3 Kd6 42. Rhxf5 gxf3+ 43. Rxf3 Bxd5 44. b4 Bxf3+ 45. Kxf3 1-0

[Event "Mechanics' Bedjanian TNM; G/2 d/5"]
[Site "San Francisco"]
[Date "2018.12.04"]
[Round "7.11"]
[White "Jain, Shaurya"]
[Black "Smith III, Robert"]
[Result "1-0"]
[WhiteElo "2033"]
[BlackElo "1819"]
[Annotator "Winslow,Elliott"]
[PlyCount "27"]
[EventDate "2018.??.??"]
[Source "ChessBase"]
[SourceDate "2007.09.04"]

1. d4 c6 2. c4 d5 3. cxd5 cxd5 4. Bg5 {Into thin air!} Qb6 {
Everything has some traction here} ({except} 4... e6) 5. Nc3 e6 (5... Qxb2 $2
6. Nxd5 f6 7. Bd2 Na6 8. e3 e6 9. Nc3 Nb4 $2 (9... Bb4 10. Bb5+ Kf7 11. Nge2) (
9... Qb6) 10. Rb1 Qa3 11. Nb5 Qa5 12. a3) 6. Nf3 Qxb2 7. Bd2 a6 $4 {[#]} (7...
Qb6 8. Rb1 Qd8 9. e4 $44) 8. Na4 Qb5 (8... Qa3 9. Nb6) 9. e4 (9. Rb1) (9. e3)
9... Qc6 10. Rc1 Qd6 11. Rxc8+ Kd7 12. e5 Qa3 13. Nb6+ Ke7 14. Qb1 1-0

[Event "Mechanics' Bedjanian TNM; G/2 d/5"]
[Site "San Francisco"]
[Date "2018.12.11"]
[Round "8.5"]
[White "Jain, Shaurya"]
[Black "Wong, Russell"]
[Result "1-0"]
[WhiteElo "2033"]
[BlackElo "2200"]
[Annotator "Winslow,Elliott"]
[PlyCount "143"]
[EventDate "2018.??.??"]
[Source "ChessBase"]
[SourceDate "2007.09.04"]

1. d4 e5 2. d5 Bc5 3. e4 d6 4. Bd3 Ne7 5. c4 O-O 6. Nc3 f5 7. Nf3 a5 8. Bg5 h6
9. Be3 Bb4 10. Qc2 Na6 11. a3 Bxc3+ 12. Qxc3 b6 13. b4 f4 14. Bc1 Bg4 15. Be2
Nb8 16. Bb2 Bxf3 17. Bxf3 Nd7 18. g3 axb4 19. axb4 Rxa1+ 20. Bxa1 Ng6 21. Bg4
fxg3 22. hxg3 Nf6 23. Be6+ Kh8 24. Qe3 Nh7 25. Bf5 Ne7 26. Bxh7 Kxh7 27. f4 Ng6
28. f5 Nh8 29. Bc3 Qf6 30. Bd2 Ra8 31. Ke2 Nf7 32. Rh4 Qd8 33. Qf3 Ra2 34. Qh5
Qg5 35. Qxg5 Nxg5 36. Rg4 Kg8 $2 ({Curiously} 36... Kh8 $1 {is the way to go.}
37. Kd3 Nf3 38. Bc3 g5) 37. Kd3 Nh3 (37... Nf3 $4 38. Bxh6) 38. Rh4 $2 (38.
Bxh6 $4 Nf2+) (38. Be3 $11) (38. Rg6 $11) 38... Ra3+ 39. Bc3 Nf2+ 40. Kc2 Nd1
$2 (40... Ra2+ $17 41. Bb2 Nd1) 41. Bd2 Ne3+ 42. Bxe3 Rxe3 43. Rg4 Kf7 44. c5
bxc5 (44... g5 $5 45. fxg6+ Kg7) 45. bxc5 dxc5 46. Kd2 Rb3 47. Rg6 Rb6 48. Re6
Rxe6 49. dxe6+ Kf6 50. Kc3 g6 51. e7 $2 {
Interesting, impetuous, and ... well, it doesn't work. Or shouldn't...} Kxe7
52. fxg6 Kf6 53. Kc4 Kxg6 54. Kxc5 h5 55. Kc6 Kg5 56. Kd5 Kg4 57. Kxe5 Kxg3 58.
Kd4 h4 59. e5 h3 60. e6 h2 61. e7 h1=Q 62. e8=Q Qd1+ 63. Kc5 Qd6+ 64. Kb5 ({
Jain's reconstruction had it going} 64. Kc4 Kf4 65. Kb5 Qd5+ 66. Ka4 c5 67. Kb5
{, adding a move}) 64... Qd5+ 65. Kb4 c5+ 66. Kb5 c4+ 67. Kb4 Kf3 68. Qe1 c3 $4
69. Qh1+ Ke2 70. Qxd5 c2 71. Qa2 Kd1 72. Qb3 {Note that: (1) Q vs. bishop pawn
is only a draw if the pawn side can get his king to a1 (so that Qxc2 is
stalemate)} ({(2) More (a)esthetic is} 72. Kc3 $1 c1=Q+ 73. Kd3) (72. Qb3 Kd2
73. Qc3+ Kd1 74. Qd3+ Kc1 75. Kb3 (75. Kc3 Kb1 76. Qxc2+ Ka1 77. Qb2#) 75...
Kb1 76. Qxc2+ Ka1 77. Qb2#) 1-0

[Event "Mechanics' Winter TNM; G/2 d5"]
[Site "San Francisco"]
[Date "2018.02.27"]
[Round "8.37"]
[White "James, Charles"]
[Black "Azimadeh, Farhad"]
[Result "0-1"]
[WhiteElo "1381"]
[BlackElo "1596"]
[PlyCount "56"]
[EventDate "2018.??.??"]
[Source "ChessBase"]
[SourceDate "2007.09.04"]

1. d4 d6 2. e4 Nc6 3. Nf3 Nf6 4. Nc3 g6 5. Be3 Bg7 6. Be2 Bd7 7. Qd2 h5 8. h3
a6 9. a3 e6 10. Bg5 e5 11. d5 Nb8 12. O-O Qc8 13. Nh2 Nh7 14. g4 f6 15. Bh6 Kf7
16. Bxg7 Kxg7 17. f4 f5 18. gxf5 gxf5 19. fxe5 dxe5 20. Bxh5 f4 21. Qg2+ Kf8
22. Qf3 Ng5 23. Qe2 a5 24. Bg4 Ra6 25. Rad1 Rg6 26. Kh1 Nxh3 27. Rd3 Bxg4 28.
Qg2 Ng5 0-1

[Event "Mechanics' Winter TNM; G/2 d5"]
[Site "San Francisco"]
[Date "2018.02.13"]
[Round "6.19"]
[White "James, Charles"]
[Black "Boldi, Ethan"]
[Result "0-1"]
[WhiteElo "1381"]
[BlackElo "1920"]
[Annotator "Donaldson"]
[PlyCount "74"]
[EventDate "2018.??.??"]
[Source "ChessBase"]
[SourceDate "2007.09.04"]

1. d4 e6 2. c4 d5 3. Nc3 Bb4 4. Qc2 Nc6 5. Nf3 h6 6. a3 Bxc3+ 7. Qxc3 Nf6 8. e3
O-O 9. Bd3 Ne4 10. Qc2 f5 11. Ne5 (11. O-O $14) 11... Nxe5 12. dxe5 Qg5 13. f3
$2 (13. O-O) 13... dxc4 14. Bxe4 fxe4 15. Qxe4 $2 (15. f4) 15... Qxg2 16. Rf1
Qxh2 17. Bd2 Qg3+ 18. Rf2 Rf5 19. f4 Rh5 20. Ke2 Rh2 21. Raf1 Qg4+ 22. Ke1 Rxf2
23. Rxf2 Qf5 24. Qxc4 Bd7 25. e4 Qg4 26. f5 b5 27. Qd3 Bc6 28. Rf4 Qg1+ 29. Rf1
Qh2 30. Rf4 Qh1+ 31. Ke2 exf5 32. exf5 Qh5+ 33. Ke1 Qg5 34. Qb3+ Kh8 35. Qf7
Rd8 36. Rf2 Qg1+ 37. Ke2 Rxd2+ 0-1

[Event "Mechanics' Bedjanian TNM; G/2 d/5"]
[Site "San Francisco"]
[Date "2018.11.27"]
[Round "6.38"]
[White "James, Charles"]
[Black "Capdeville, Barry"]
[Result "1-0"]
[WhiteElo "1421"]
[BlackElo "1218"]
[PlyCount "79"]
[EventDate "2018.??.??"]
[Source "ChessBase"]
[SourceDate "2007.09.04"]

1. d4 d5 2. c4 e6 3. Nc3 Nf6 4. cxd5 exd5 5. Bg5 Be7 6. Qc2 O-O 7. e3 Nbd7 8.
f3 Re8 9. Bd3 Nf8 10. Nge2 Be6 11. O-O Nh5 12. Bxe7 Rxe7 13. e4 dxe4 14. Nxe4
Bf5 15. g4 Bxe4 16. Bxe4 Nf6 17. Bxb7 Rb8 18. Bc6 Nd5 19. Bxd5 Qxd5 20. b3 Ne6
21. Rad1 c5 22. Nc3 Qd7 23. dxc5 Qc6 24. Ne4 Rd8 25. Rxd8+ Nxd8 26. Rd1 Nb7 27.
b4 Rd7 28. Rxd7 Qxd7 29. Qd2 Qc7 30. a4 a5 31. Qd4 axb4 32. Qxb4 Na5 33. Qb6
Qxb6 34. cxb6 Nb7 35. Kf2 Kf8 36. Ke3 Ke7 37. Kd4 Kd7 38. Nc5+ Kc6 39. Nxb7
Kxb7 40. Kc5 1-0

[Event "Mechanics' Bedjanian TNM; G/2 d/5"]
[Site "San Francisco"]
[Date "2018.11.20"]
[Round "5.28"]
[White "James, Charles"]
[Black "Cortese, Chris"]
[Result "0-1"]
[WhiteElo "1421"]
[BlackElo "1656"]
[PlyCount "38"]
[EventDate "2018.??.??"]
[Source "ChessBase"]
[SourceDate "2007.09.04"]

1. d4 Nf6 2. c4 e6 3. Nc3 Bb4 4. Qc2 O-O 5. a3 Bxc3+ 6. Qxc3 Ne4 7. Qc2 f5 8.
Nh3 d5 9. Bf4 Nc6 10. Rd1 g5 11. Be5 Nxe5 12. dxe5 g4 13. Nf4 c6 14. f3 Qh4+
15. g3 Nxg3 16. Ng2 Qh6 17. Rg1 Qxh2 18. Kf2 Ne4+ 19. Ke1 Qg3# 0-1

[Event "Mechanics' Summer TNM; G/2 d/5"]
[Site "San Francisco"]
[Date "2018.06.12"]
[Round "3.23"]
[White "James, Charles"]
[Black "Jensen, Christian"]
[Result "0-1"]
[WhiteElo "1405"]
[BlackElo "1835"]
[PlyCount "54"]
[EventDate "2018.??.??"]
[Source "ChessBase"]
[SourceDate "2007.09.04"]

1. d4 Nf6 2. c4 g6 3. Nc3 Bg7 4. e4 d6 5. Nf3 O-O 6. Be2 e5 7. dxe5 dxe5 8.
Qxd8 Rxd8 9. Nd5 Nxd5 10. cxd5 c6 11. Bc4 b5 12. Bb3 Bb7 13. Bg5 Rc8 14. Rd1 c5
15. Be7 Nd7 16. O-O f6 17. a3 Bf8 18. d6+ c4 19. Bc2 Kf7 20. Bxf8 Kxf8 21. Rfe1
Nc5 22. Re3 Rd8 23. Nh4 Rd7 24. Re2 Rad8 25. Red2 Bxe4 26. Bxe4 Nxe4 27. Rd5
Rxd6 0-1

[Event "Mechanics' Spring TNM; G/2 d5"]
[Site "San Francisco"]
[Date "2018.04.03"]
[Round "3.39"]
[White "James, Charles"]
[Black "MacIntyre, Brendan"]
[Result "0-1"]
[WhiteElo "1381"]
[BlackElo "1619"]
[Annotator "Donaldson"]
[PlyCount "60"]
[EventDate "2018.??.??"]
[Source "ChessBase"]
[SourceDate "2007.09.04"]

1. d4 d5 2. c4 c6 3. Nf3 Nf6 4. Nc3 Nbd7 $6 5. Bf4 (5. cxd5 cxd5 6. Bf4 {
leaves the knight misplaced on d7.}) 5... e6 6. e3 Be7 7. h3 O-O 8. Qc2 a6 9.
a4 c5 10. Bd3 dxc4 11. Bxc4 Nb6 12. Bd3 c4 13. Be2 Bd7 14. e4 Rc8 15. a5 Na8
16. Ne5 Bb5 17. O-O Qxd4 18. Rad1 Qc5 19. Nxb5 axb5 20. Nd7 Nxd7 21. Rxd7 Bd8
22. Rfd1 Bxa5 23. Bd6 Qc6 24. Bxf8 Rxf8 25. R1d6 Qc5 26. Qd1 Bb6 27. Rd4 Nc7
28. Qd2 e5 29. Rd8 exd4 30. Rxf8+ Kxf8 0-1

[Event "Mechanics' Walter Shipman TNM G/2 d/5"]
[Site "San Francisco"]
[Date "2018.10.02"]
[Round "9.26"]
[White "James, Charles"]
[Black "Morgan, Jerry D"]
[Result "1-0"]
[WhiteElo "1406"]
[BlackElo "1520"]
[PlyCount "72"]
[EventDate "2018.??.??"]
[Source "ChessBase"]
[SourceDate "2007.09.04"]

1. d4 d5 2. c4 c6 3. Nf3 Nf6 4. Nc3 dxc4 5. a4 Bf5 6. e3 e6 7. Bxc4 Bb4 8. O-O
O-O 9. Qe2 Bg6 10. Ne5 Bh5 11. f3 Nbd7 12. Rd1 Qc7 13. Nxd7 Qxd7 14. e4 Rfd8
15. Bg5 Be7 16. Rd3 Qc7 17. Rad1 h6 18. Bxf6 Bxf6 19. e5 Be7 20. Qf2 Bg6 21.
Re3 Rd7 22. g4 Rad8 23. Re2 Bb4 24. f4 c5 25. f5 exf5 26. Nb5 Qb6 27. d5 a6 28.
e6 axb5 29. exd7 Rxd7 30. Re8+ Kh7 31. Bxb5 Rd6 32. gxf5 Bh5 33. Rd3 Rf6 34.
Qf4 c4+ 35. Rd4 Bf3 36. Kf1 Bh5 1-0

[Event "Mechanics' Spring TNM; G/2 d5"]
[Site "San Francisco"]
[Date "2018.04.17"]
[Round "5.48"]
[White "James, Charles"]
[Black "Otterbach, Renate"]
[Result "1-0"]
[WhiteElo "1381"]
[BlackElo "1082"]
[Annotator "Winslow,Elliott"]
[PlyCount "76"]
[EventDate "2018.??.??"]
[Source "ChessBase"]
[SourceDate "2007.09.04"]

1. d4 d5 2. c4 e6 {This and the next move were missing from the scoresheet...}
3. Nc3 Nf6 4. cxd5 exd5 5. Bg5 Be7 6. Qc2 Nbd7 7. e3 O-O 8. f3 Qe8 9. Nge2 c5 (
9... c6) 10. Rd1 Nh5 $2 (10... a6 $5) 11. Bxe7 Qxe7 12. Nxd5 $18 Qe6 $2 13. e4
(13. Nc7 $1) 13... Nb6 14. Qxc5 Nxd5 15. Qxd5 Qb6 16. Qxh5 Qxb2 17. Rd2 {
Scoresheet says "Rd1" (again)} Qb1+ 18. Kf2 Qb4 19. Qg5 f5 20. e5 f4 21. Rd1
Bd7 22. Nxf4 Qb2+ 23. Be2 Bb5 24. Rhe1 Bd7 25. e6 Bc6 26. d5 Ba4 27. Rb1 Qd4+
28. Kg3 h6 29. Qg4 b6 30. Bd3 Rxf4 31. Qxf4 Qxd3 32. Qxa4 Qxd5 33. Rbd1 Qg5+
34. Qg4 Kf8 35. Qxg5 hxg5 36. Rd7 Ke8 37. Rxg7 Kf8 38. Rxg5 a5 {
and of course the scoresheet becomes impossible -- but} 1-0

[Event "Mechanics' Summer TNM; G/2 d/5"]
[Site "San Francisco"]
[Date "2018.07.17"]
[Round "8.33"]
[White "James, Charles"]
[Black "Reed, Nicholas Xav"]
[Result "0-1"]
[WhiteElo "1405"]
[BlackElo "1191"]
[PlyCount "34"]
[EventDate "2018.??.??"]
[Source "ChessBase"]
[SourceDate "2007.09.04"]

1. d4 Nf6 2. c4 c5 3. d5 b5 4. cxb5 a6 5. e3 Bb7 6. Nc3 Qa5 7. Bd2 Qb6 8. e4 e6
9. Bc4 axb5 10. Qb3 b4 11. f3 Ba6 12. e5 Bxc4 13. Na4 Qb5 14. Nc3 bxc3 15. Qxb5
cxd2+ 16. Kxd2 Bxb5 17. exf6 gxf6 0-1

[Event "Mechanics' Winter TNM; G/2 d5"]
[Site "San Francisco"]
[Date "2018.01.30"]
[Round "4.37"]
[White "James, Charles"]
[Black "Sherwood, Peter"]
[Result "1-0"]
[WhiteElo "1381"]
[BlackElo "1651"]
[PlyCount "91"]
[EventDate "2018.??.??"]
[Source "ChessBase"]
[SourceDate "2007.09.04"]

1. d4 (1. e4) 1... d5 2. c4 c6 3. Nf3 Nf6 4. Nc3 e6 5. cxd5 exd5 6. Qc2 Be7 (
6... g6 $1 7. Bg5 Be7 8. e3 Bf5) 7. h3 Nbd7 (7... g6) 8. Bf4 Qa5 $6 (8... O-O
9. e3 Re8 10. Bd3 Nf8) 9. e3 Nf8 10. Bd3 Ng6 11. Bh2 O-O 12. O-O Qd8 13. e4
dxe4 14. Nxe4 Nxe4 15. Bxe4 Bd6 16. Ne5 Be6 17. f4 f5 18. Bd3 Qb6 19. Qf2 Be7
20. Rfe1 Rf6 21. g4 Nxe5 22. fxe5 Rg6 23. Bxf5 Bxf5 24. Qxf5 Qxd4+ 25. Kh1 Qd5+
(25... Qxb2 $5 26. Reb1 Qc3) 26. Qe4 Qxe4+ 27. Rxe4 Re6 28. Rd1 Rd8 29. Rxd8+
Bxd8 30. Kg2 Kf7 31. Kf3 g5 32. Bg3 c5 33. Ra4 a6 34. Ke4 b5 35. Ra3 c4 36. Kd5
h6 37. Rf3+ Ke7 38. Bf2 $18 Kd7 39. Bc5 Rg6 40. Rf7+ Ke8 41. e6 Rf6 42. Rg7 Rf8
43. Bxf8 Kxf8 44. Ra7 a5 45. Kd6 b4 46. e7+ 1-0

[Event "Mechanics' Winter TNM; G/2 d5"]
[Site "San Francisco"]
[Date "2018.01.23"]
[Round "3.33"]
[White "James, Charles"]
[Black "Singh, Amitoj"]
[Result "0-1"]
[WhiteElo "1381"]
[BlackElo "1710"]
[Annotator "Donaldson"]
[PlyCount "72"]
[EventDate "2018.??.??"]
[Source "ChessBase"]
[SourceDate "2007.09.04"]

1. d4 d5 2. c4 c6 3. Nf3 Nf6 4. Nc3 Bf5 $6 5. cxd5 Nxd5 {The best try.} (5...
cxd5 6. Qb3 $1) 6. Qb3 (6. e3 e6 7. Bc4 {followed by 0-0, Qe2 and eventually
e4 gives White a nice space advantage without having to ever waste a tempo
with a4 which is so common in the Slav.}) 6... Nb6 $6 (6... Qb6) 7. e4 Be6 8.
Qc2 g6 9. Bd3 (9. Be2 Bg7 10. O-O O-O 11. Be3 $16) 9... Bg7 10. e5 $2 (10. O-O
Bxd4 11. Nxd4 Qxd4 12. Be3 {gives White a strong initiative for the pawn.} (12.
Bh6 $5)) 10... Nd5 11. O-O Nb4 12. Qe2 Nxd3 13. Qxd3 Na6 14. a3 O-O 15. Be3 Rc8
16. Rac1 Nc7 17. Qd2 Nd5 18. Bh6 Nxc3 19. Rxc3 Qd5 20. h4 Bg4 21. Nh2 Bxh6 22.
Qxh6 Qxd4 23. Nxg4 Qxg4 24. Rg3 Qe2 25. f4 Kh8 26. Rff3 Rg8 27. Qg5 Rge8 28. h5
Qxb2 29. Rh3 Qb1+ 30. Kh2 Qf5 31. Qh6 Rg8 32. Rfg3 Rg7 33. Rg5 Qxf4+ 34. Rhg3
f6 35. exf6 exf6 36. Rxg6 Qxh6 0-1